Sharpening and shaping your sermon : (Record no. 25280)

MARC details
000 -LEADER
fixed length control field 01034nam a2200253Ii 4500
001 - CONTROL NUMBER
control field 1105641045
003 - CONTROL NUMBER IDENTIFIER
control field AUA.1
005 - DATE AND TIME OF LATEST TRANSACTION
control field 20251121084923.0
008 - FIXED-LENGTH DATA ELEMENTS--GENERAL INFORMATION
fixed length control field 190625s2019 iduap 000 0 eng d
020 ## - INTERNATIONAL STANDARD BOOK NUMBER
International Standard Book Number 9780816365685
020 ## - INTERNATIONAL STANDARD BOOK NUMBER
International Standard Book Number 0816365687
035 ## - SYSTEM CONTROL NUMBER
System control number (OCoLC)1105641045
040 ## - CATALOGING SOURCE
Original cataloging agency EXN
Language of cataloging eng
Transcribing agency EXN
Modifying agency EXN
050 ## - LIBRARY OF CONGRESS CALL NUMBER
Classification number BV4211.3
Item number .W377 2019
100 1# - MAIN ENTRY--PERSONAL NAME
Personal name Warren, Mervyn A.,
Relator term author.
9 (RLIN) 35372
245 10 - TITLE STATEMENT
Title Sharpening and shaping your sermon :
Remainder of title proclaiming the gospel, sharing the faith /
Statement of responsibility, etc Mervyn A. Warren and Benjamin F. Reaves.
246 0# - VARYING FORM OF TITLE
Display text At head of title:
Title proper/short title A call for authentic preaching.
260 ## - PUBLICATION, DISTRIBUTION, ETC. (IMPRINT)
Place of publication, distribution, etc Nampa, ID :
Name of publisher, distributor, etc Pacific Press Publishing;
Date of publication, distribution, etc c2019.
300 ## - PHYSICAL DESCRIPTION
Extent 61 pages :
Other physical details color illustrations, portraits ;
Dimensions 27 cm.
505 0# - FORMATTED CONTENTS NOTE
Formatted contents note Part 1: Authentic preaching: sharpening substance through sermon content -- Part 2: Authentic preaching: shaping process through sermon design.
650 #0 - SUBJECT ADDED ENTRY--TOPICAL TERM
Topical term or geographic name as entry element Preaching.
700 1# - ADDED ENTRY--PERSONAL NAME
Personal name Reaves, Benjamin F.,
Relator term author.
942 ## - ADDED ENTRY ELEMENTS (KOHA)
Source of classification or shelving scheme Library of Congress Classification
Koha item type Books
Classification part BV 4211.3
Item part .W377 2019
Holdings
Withdrawn status Lost status Source of classification or shelving scheme Damaged status Not for loan Collection code Home library Current library Shelving location Date acquired Source of acquisition Cost, normal purchase price Serial Enumeration / chronology Total Checkouts Full call number Barcode Date last seen Cost, replacement price Price effective from Koha item type
    Library of Congress Classification     Books Judith Thomas Library Judith Thomas Library General Stacks 21/11/2025 Bought by JTL 9.00 AUA28030   BV 4211.3 .W377 2019 AUA28030 21/11/2025 9.00 21/11/2025 Books